German Vocabulary "F" - Statistics

General Stats
  • This quiz has been taken 242 times
  • The average score is 17 of 20
Answer Stats
German English % Correct
Frau woman
99%
fünf five
97%
Fuß foot
97%
Fußball football
97%
Freitag Friday
97%
frei free
96%
fliegen fly
95%
Frankreich France
93%
falsch wrong
93%
Fahrrad bicycle
90%
Fernsehen television
89%
Fenster window
89%
Farbe colour
84%
früh early
76%
Ferien vacation
73%
Fieber fever
67%
Fuchs fox
63%
Friseur hairdresser
62%
Fledermaus bat
61%
Frikadelle meatball
33%
No matching quizzes found
Score Distribution
Percent of People with Each Score
Percentile by Number Answered
Your Score History
You have not taken this quiz